000 00534nam a2200181Ia 4500
003 IN-BaIIA
008 211028s9999 xx 000 0 eng d
020 _a0-393-04688-5
040 _cIIA Library
080 _a524.8
_bGRE
100 _aGreene, Brian
_925314
245 4 _aThe elegant universe
_bsuperstrings, hidden dimensions and the quest for the ultimate theory
_cBrian Greene
260 _aNew York
_bW. W Norton
_c1999
300 _axiii, 448p.
650 _aCosmology
650 _aSuperstring theories
_925315
942 _cBK
999 _c14310
_d14310